[Event "Hohhot National op"]
[Site "Hohhot"]
[Date "2023.12.24"]
[Round "9"]
[White "Zhang, Yicheng"]
[Black "Wu, Yinan"]
[Result "1/2-1/2"]
[WhiteElo "1521"]
[BlackElo "1400"]
[PlyCount "136"]
[EventDate "2023.12.20"]
[EventType "swiss"]
[EventRounds "9"]
[EventCountry "CHN"]
[SourceTitle "CBM 217 Extra"]
[Source "ChessBase"]
[SourceDate "2024.01.31"]
[SourceVersion "1"]
[SourceVersionDate "2024.01.31"]
[SourceQuality "1"]

1. b4 e5 2. Bb2 f6 3. a3 d5 4. e3 Be6 5. Nf3 Nd7 6. d4 e4 7. Nfd2 Bd6 8. c4 c6 9. Nc3 f5 10. Qb3 Ngf6 11. cxd5 cxd5 12. f3 Bf7 13. 0-0-0 0-0 14. Kb1 Re8 15. fxe4 fxe4 16. Be2 Nb6 17. g4 Rf8 18. Rdf1 Nfd7 19. h4 a5 20. b5 Rc8 21. g5 Be7 22. Rf2 Qc7 23. Rg2 a4 24. Nxa4 Nxa4 25. Qxa4 Nb6 26. Qb3 Ra8 27. h5 Be6 28. Nxe4 Bf5 29. Bd3 Kh8 30. Nc5 Nc4 31. Bxf5 Rxf5 32. e4 Rxg5 33. Ne6 Rxg2 34. Nxc7 Nd2+ 35. Ka2 Nxb3 36. Nxa8 Nxd4 37. exd5 Nxb5 38. Re1 Bf8 39. Nb6 Kg8 40. a4 Nd6 41. Kb3 Rg5 42. Re5 Rg3+ 43. Ka2 Kf7 44. Nd7 Rg2 45. Re1 Rf2 46. Ne5+ Kg8 47. Kb3 Rf5 48. Rh1 Be7 49. h6 Bf6 50. Ng4 Bxb2 51. Kxb2 Rxd5 52. hxg7 Kxg7 53. Rxh7+ Kxh7 54. Nf6+ Kg6 55. Nxd5 Kf5 56. Kc3 Ke5 57. Nb6 Ne8 58. Kc4 Kd6 59. Kb4 Kc6 60. Nc4 Nd6 61. Ne5+ Kb6 62. Nd7+ Ka6 63. Nc5+ Ka7 64. Nb3 Nc8 65. Kb5 Nb6 66. a5 Nc8 67. Nd4 Nd6+ 68. Kc5 Ne4+ 1/2-1/2

[Event "Hohhot National op"]
[Site "Hohhot"]
[Date "2023.12.23"]
[Round "8"]
[White "Xia, Miaoyan"]
[Black "Zhang, Yicheng"]
[Result "0-1"]
[WhiteElo "1074"]
[BlackElo "1521"]
[PlyCount "64"]
[EventDate "2023.12.20"]
[EventType "swiss"]
[EventRounds "9"]
[EventCountry "CHN"]
[SourceTitle "CBM 217 Extra"]
[Source "ChessBase"]
[SourceDate "2024.01.31"]
[SourceVersion "1"]
[SourceVersionDate "2024.01.31"]
[SourceQuality "1"]

1. e4 e6 2. d4 d5 3. Nd2 c5 4. exd5 Qxd5 5. Ngf3 cxd4 6. Bc4 Qc5 7. 0-0 Nc6 8. Qe2 Nf6 9. Nb3 Qb6 10. Rd1 Bc5 11. Nxc5 Qxc5 12. Bb5 0-0 13. Bxc6 bxc6 14. Nxd4 e5 15. Nf3 e4 16. Nd4 Bg4 17. f3 exf3 18. gxf3 Bh5 19. c3 Rfe8 20. Qg2 Rad8 21. Bg5 Bxf3 22. Qxf3 Qxg5+ 23. Qg2 Ng4 24. Re1 Re3 25. Rf1 c5 26. Nf5 Re5 27. h4 Qg6 28. Rad1 Rde8 29. Rd6 f6 30. Rd5 h5 31. Nd6 Re2 32. Qg3 R8e3 0-1

[Event "Hohhot National op"]
[Site "Hohhot"]
[Date "2023.12.22"]
[Round "6"]
[White "He, Ping"]
[Black "Zhang, Yicheng"]
[Result "1-0"]
[WhiteElo "1719"]
[BlackElo "1521"]
[PlyCount "103"]
[EventDate "2023.12.20"]
[EventType "swiss"]
[EventRounds "9"]
[EventCountry "CHN"]
[SourceTitle "CBM 217 Extra"]
[Source "ChessBase"]
[SourceDate "2024.01.31"]
[SourceVersion "1"]
[SourceVersionDate "2024.01.31"]
[SourceQuality "1"]

1. e4 g6 2. d4 Bg7 3. Nf3 d6 4. Nc3 Nf6 5. Be2 0-0 6. 0-0 c5 7. d5 a6 8. a4 e5 9. dxe6 Bxe6 10. Bf4 d5 11. exd5 Nxd5 12. Nxd5 Bxd5 13. c4 Bc6 14. Ne5 Qf6 15. Bg3 Qe6 16. Bg4 f5 17. Nxc6 bxc6 18. Re1 Qxc4 19. Be2 Qd4 20. Qb3+ Kh8 21. Qb7 f4 22. Rad1 Qf6 23. Qxa8 fxg3 24. fxg3 Qxb2 25. Qa7 Bd4+ 26. Kh1 Bf2 27. Qe7 Qg7 28. Qxg7+ Kxg7 29. Rf1 Bd4 30. Rxf8 Kxf8 31. Rb1 Nd7 32. Rb7 Ne5 33. Bxa6 Bf2 34. Be2 c4 35. a5 c3 36. Bd1 Nd3 37. a6 Bc5 38. Ba4 Ne1 39. a7 Bxa7 40. Rxa7 c2 41. Bxc2 Nxc2 42. Rxh7 Nd4 43. Kg1 c5 44. Kf2 Nf5 45. Rc7 Nd6 46. Ke2 c4 47. Kd2 Ke8 48. Kc2 Kd8 49. Rg7 Nf5 50. Rxg6 Ne3+ 51. Kc3 Nxg2 52. Re6 1-0

[Event "CHN-ch sf"]
[Site "Hefei"]
[Date "2023.04.25"]
[Round "6"]
[White "Zhang, Yicheng"]
[Black "Zhang, Fuhan"]
[Result "0-1"]
[WhiteElo "1477"]
[BlackElo "2160"]
[PlyCount "92"]
[EventDate "2023.04.23"]
[EventType "swiss"]
[EventRounds "11"]
[EventCountry "CHN"]
[SourceTitle "CBM 214 Extra"]
[Source "ChessBase"]
[SourceDate "2023.07.31"]
[SourceVersion "1"]
[SourceVersionDate "2023.07.31"]
[SourceQuality "1"]

1. d4 Nf6 2. Nf3 g6 3. g3 Bg7 4. Bg2 0-0 5. 0-0 d5 6. Bf4 c6 7. Qc1 Bf5 8. c3 Nbd7 9. Bh6 Re8 10. Bxg7 Kxg7 11. Nh4 Be4 12. f3 Bxb1 13. Rxb1 e5 14. Qg5 Kh8 15. e3 exd4 16. cxd4 Nf8 17. Bh3 Ne6 18. Bxe6 Rxe6 19. Rfe1 Qa5 20. a3 Rae8 21. Ng2 Ng8 22. Red1 Qa4 23. Rd2 Qb3 24. Re1 h6 25. Qh4 f5 26. Kf2 Kg7 27. Rde2 Nf6 28. Qf4 Qb6 29. Rc1 Rf8 30. Kg1 Ne8 31. Qh4 g5 32. Qh3 Nd6 33. Rcc2 Qb5 34. Qh5 Rfe8 35. Kf2 Qd3 36. Ne1 Qd1 37. Rcd2 Qb1 38. Rd3 Nc4 39. Rb3 Nxe3 40. Rxb7+ R8e7 41. Rxe7+ Rxe7 42. Rxe3 Qxb2+ 43. Kf1 Rxe3 44. f4 Qc1 45. fxg5 Qxe1+ 46. Kg2 Re2+ 0-1